Регионална библиотека "Любен Каравелов" - Русе

Колелото на времето: Кн. 9 (Запис номер 23480)

MARC детайли
000 -Лидер
Контролно поле с фиксирана дължина 01557nam a2200361 c 4500
003 - Код на организацията, давaща контролен номер
Контролно поле BLK
005 - Дата и час на последна редакция
Контролно поле 20250719103041.0
008 - Елементи от данни с фиксирана дължина
fixed length control field 180413b bul|||||r ||||||| ||bul||
010 ## - Наследен системен номер
LC control number KNG00025958000
020 ## - Международен стандартен номер на книга ISBN
Международен стандартен номер на книга ISBN 954-585-191-0
040 ## - Източник на каталожния запис
Идентификатор на билиотеката - собственик на записа BLK
041 ## - Код за език
Код за езика на текст/звукозапис или на отделно заглавие Български
Код за езика КДБФ Български
080 ## - УДК
Текстов определител УДК Американска литература (на САЩ)
УДК код - определител по УДК 821.111(73)
УДК определител -312.9
УДК - код + определител 821.111(73)-312.9
100 1# - Редна дума - Автор
Автор Джордан, Робърт
Авторска отговорност първи автор
R(LIN) 254531
139 ## - Редно поле
Редна дума Джордан, Робърт
Авторски знак Джо - Д 52
245 10 - Сведения за заглавието
Заглавие Колелото на времето: Кн. 9
Подзаглавни данни Роман : Кн. 1 -
Редно поле (дума) Робърт Джордан; прев. от англ. Валерий Русинов.
Том Кн. 9
Заглавие на том Сърцето на зимата
257 ## - Страна на издаване
Страна на създаване/издаване Съединени американски щати
260 ## - Област на издателските данни
Година на издаване 1998 -
Печатница Хасково : Полиграфюг
300 ## - Физическа характеристика
Размери/Мащаб 24 см
380 ## - Жанр
Жанр Худож. лит.
500 ## - Общи забележки
Забележка Ориг. загл. The Wheel of Time / Robert Jordan. - Офс. изд. - Съдържа и Речник.
653 ## - Ключова дума – ненормативна
Ключова дума фентъзи
653 ## - Ключова дума – ненормативна
Ключова дума романи
700 1# - Други автори (авторска отговорност)
Лично име Русинов, Валерий
Автороска отговорност (Описва отношението между автора и произведението) прев. от англ.
9 (RLIN) 365206
760 1# - Описание на основната серия
Редна дума на основното описание Джордан, Робърт
Място на издаване, издател и година Бард, 2001
Страници - том 576 с.
Забележка - том Ориг. загл. Winter'sHeart . - Съдържа и За автора.
Заглавие Кн. 9 Сърцето на зимата
852 ## - Местоположение
Форматна сигнатура Цб 198554
856 4# - Електронен адрес и достъп
Електронен формат pdf - файл
Път до файла /url/
856 4# - Електронен адрес и достъп
Електронен формат pdf - файл
Път до файла /url/
999 ## - СИСТЕМНИ КОНТРОЛНИ НОМЕРА
Koha biblionumber 23480
Koha biblioitemnumber 23480
942 ## - АРТИКУЛИ
Вид на библиотечния материал Книги
Скрит в OPAC Не
Koha issues (borrowed), all copies 15
944 ## - СЪЗДАВАНЕ И РЕДАКЦИЯ на ЗАПИСА
Създаване/Редакция Създаване
Дата на регистрацията/редакция 15.01.2003
Статус, дата на статуса Нора Радева
Служител, извършил регистрацията/редакцията 30545
944 ## - СЪЗДАВАНЕ И РЕДАКЦИЯ на ЗАПИСА
Създаване/Редакция Редакция
Дата на регистрацията/редакция 15.12.2017
Статус, дата на статуса ф /
Служител, извършил регистрацията/редакцията Людмила_Стоянова
999 ## - СИСТЕМНИ КОНТРОЛНИ НОМЕРА
Koha biblioitemnumber 23480
Наличности
Код за отписване Код за изгубен артикул Източник на класификационната схема Код за повреда Коз за рестрикции Код за отдаване Артикулен № Име на библиотеката - собственик Име на библиотеката, в която се намира в момента Статус (Текущо местоположение) Дата на вписване в системата Местоположение - отдел Цена в лева Инвентарен номер Систематично азбучна сигнатура Баркод Номер на екземпляра Цена в евро Служебна бележка Служебен тип на артикула
  Не е изгубен Universal Decimal Classification Не е повреден без рестрикции заемане за дома 38836 Регионална библиотека "Любен Каравелов" Русе Регионална библиотека "Любен Каравелов" Русе Дубликат 2001-12-14 Заемна - подръчен фонд 11.50 662255 П 820(73)-31/Д 52 120000662255 1 5.88 Дост: Pk Вид: ф N: стар фонд Дата: 14.12.2001 Дата инв: 14.02.2018 Бележки инв: П2018 Книги
  Не е изгубен Universal Decimal Classification Не е повреден без рестрикции ползва се в читалня 38837 Регионална библиотека "Любен Каравелов" Русе Регионална библиотека "Любен Каравелов" Русе Хранилище 2001-01-01 Хранилище 10.50 666777 Цб 198554 120000666777 2 5.37 Дост: Dp Вид: Д N: стар фонд Дата: 01.01.2001 Книги
  Не е изгубен   Не е повреден без рестрикции заемане за дома 38838 Регионална библиотека "Любен Каравелов" Русе Регионална библиотека "Любен Каравелов" Русе Заемна - подръчен фонд 2012-06-21 Заемна - подръчен фонд 10.69 120000758451 П 820(73)-31/Д 52 120000758451 3 5.47 Дост: DA Вид: А N: 12 Дата: 21.06.2012 Дата инв: 14.02.2018 Бележки инв: П2018 Книги
  Не е изгубен   Не е повреден без рестрикции заемане за дома 38839 Регионална библиотека "Любен Каравелов" Русе Регионална библиотека "Любен Каравелов" Русе Заемна - подръчен фонд 2017-12-14 Заемна - подръчен фонд 20.00 120000817914 П 820(73)-31/Д 52 120000817914 4 10.23 Дост: DA Вид: А N: 44 Дата: 14.12.2017 Дата инв: 15.02.2018 Бележки инв: П2018 Книги
Vip Innovations Ltd, Rousse, Bulgaria 2025